000
00240nam a2200097Ia 4500
008
190216s9999||||xx |||||||||||||| ||und||
100
_a
Mahathma Gandhi
245
0
_a
Malayalam-Thathwachindayum Mathavum
260
_b
Kerala Shaka
942
_c
BK
999
_c
30330
_d
30330